| 000 | 00518nam a2200181Ia 4500 | ||
|---|---|---|---|
| 003 | GCL | ||
| 008 | 140319s9999 xx 000 0 eng d | ||
| 040 |
_aGCL / _cGCL |
||
| 082 | 0 | 4 |
_a709.22 _bM W |
| 100 | 1 | _aMARKS, CLAUDE | |
| 245 | 1 | 0 |
_aWORLD ARTISTS,1980 - 1990: ANH .W. WILSAN BIOGRAPHICAL DICTIONARY / _cMARKS, CLAUDE |
| 260 |
_a[S.N] : _bTHE H. W. WILSON COMPANY ، _c1991 |
||
| 300 | _a413 P | ||
| 650 | 0 | 4 | _aARTS |
| 650 | 0 | 4 | _aARTISTS - BIOGRAPHY |
| 650 | 0 | 4 | _aART, MODERN - 20 TH CENTURY |
| 942 |
_2ddc _cBK |
||
| 999 |
_c15731 _d15731 |
||